| 000 | 00569nam a2200205 4500 | ||
|---|---|---|---|
| 003 | OSt | ||
| 005 | 20240622030415.0 | ||
| 006 | a | ||
| 008 | 240622b |||||||| |||| 00| 0 eng d | ||
| 020 | _a9789712725142 | ||
| 040 |
_aDWCL-Main lib. _cOC |
||
| 082 | _aFil. 515.35 C114s | ||
| 100 | _aCabrero , Jonathan | ||
| 245 | _aSolved problems in differential equations / | ||
| 260 | _b Anvil Publishing, Inc. | ||
| 300 |
_avii, _b172pages: illustration: |
||
| 504 | _aIncludes bibliography. | ||
| 650 | _a1. Differential Equations. | ||
| 942 |
_2ddc _n0 _cBK - FIL _kFil. |
||
| 999 |
_c1139 _d1139 |
||